000 00621cam a22002052 4500
001 0000020856
005 20151217152223.0
008 111024s xx 000 0 eng d
020 _a0195685848 :
040 _aKABU
_cKABU
245 1 0 _aHandbook of international humanitarian law in South Asia /
_cedited by V. S. Mani.
250 _a1st ed.
260 _aOxford :
_bO. U. P.,
_c2007.
300 _axxxii, 262 p.
650 0 _aHumanitarian law
_zSouth Asia.
_@0000181477
700 1 _aMani, V. S.
_@0000181478
852 1 _9p2150 KES
908 _a111024
950 _@1
999 _c9529
_d9529